| 000 | 00754nam a22001817a 4500 | ||
|---|---|---|---|
| 999 |
_c60898 _d60898 |
||
| 005 | 20231115142641.0 | ||
| 008 | 231115s1976 ru ||||| |||| 00| 0 rus d | ||
| 041 | _arus | ||
| 080 | _a75.056 Д-72 | ||
| 100 |
_aДрампян, И.Р. _920395 |
||
| 245 |
_aХудожественные сокровища Матенадарана / _cИ.Р.Дрампян, Э.М.Корхмазян. |
||
| 264 |
_aМосква: _bИскусство, _c1976. |
||
| 300 |
_a175 с. : _bил. _c16 см. |
||
| 440 |
_aГорода и музеи мира _920091 |
||
| 653 | _aმატენადარის მხატვრული საგანძური | ||
| 700 |
_aКорхмазян, Э.М. _eრედაქტორი _920396 |
||
| 942 |
_2udc _cᲬᲘᲒᲜᲘ |
||